|
|
|
|
| LEADER |
00937nam a2200241 a 4500 |
| 001 |
615923 |
| 008 |
110714s1993 nyua b 001 0 eng d |
| 010 |
|
|
|a 92027328
|
| 020 |
|
|
|a 00067633X
|
| 020 |
|
|
|a 007067633X
|
| 040 |
|
|
|a DLC
|c DLC
|d DLC
|d BD-DhAAL
|
| 082 |
0 |
0 |
|a 006.6/01/9
|2 20
|
| 100 |
1 |
|
|a Von Wodtke, Mark.
|
| 245 |
1 |
0 |
|a Mind over media :
|b creative thinking skills for electronic media /
|c Mark von Wodtke.
|
| 260 |
|
|
|a New York :
|b McGraw-Hill,
|c c1993.
|
| 300 |
|
|
|a xvi, 321, [22] p. :
|b ill. ;
|c 24 cm.
|
| 504 |
|
|
|a Includes bibliographical references ( p. [12]-[15] ( 2nd group)) and index.
|
| 541 |
1 |
|
|e 00007221
|
| 650 |
|
0 |
|a Multimedia systems.
|
| 650 |
|
0 |
|a Thought and thinking.
|
| 852 |
4 |
|
|a Ayesha Abed Library
|j General shelf
|
| 999 |
|
|
|c 11084
|d 11084
|
| 952 |
|
|
|0 0
|1 0
|4 0
|6 006_601900000000000_VON
|7 0
|9 17459
|a BRACUL
|b BRACUL
|c GEN
|d 2011-07-15
|l 1
|m 10
|o 006.6019 VON
|p 3010007221
|r 2011-12-05
|s 2011-10-02
|t 1
|w 2011-07-15
|y BK
|x Available
|